Vista normal
Vista MARC
- Ortiz, Adolfo Alberto
Entrada Personal Name
Número de registros utilizados en: 1
001 - CONTROL NUMBER
- control field: 26194
003 - CONTROL NUMBER IDENTIFIER
- control field: OSt
005 - DATE AND TIME OF LATEST TRANSACTION
- control field: 20161011182120.0
008 - FIXED-LENGTH DATA ELEMENTS
- fixed length control field: 161011|| aca||aabn | a|a d
040 ## - CATALOGING SOURCE
- Original cataloging agency: OSt
- Transcribing agency: OSt
100 ## - HEADING--PERSONAL NAME
- Personal name: Ortiz, Adolfo Alberto
670 ## - SOURCE DATA FOUND
- Source citation: Work cat.: (OSt)1437: Pererini, Carlos Cesar 26193, Recursos humanos en las PYMES: hacia la competitividad